书目信息 |
| 题名: |
体操
|
|
| 作者: | 张涵劲 主编 | |
| 分册: | ||
| 出版信息: | 北京 高等教育出版社 2015.03 |
|
| 页数: | 300页 | |
| 开本: | 23cm | |
| 丛书名: | ||
| 单 册: | ||
| 中图分类: | G83 | |
| 科图分类: | ||
| 主题词: | 体操--教材 | |
| 电子资源: | ||
| ISBN: | 978-7-04-042229-0 | |
| 000 | 00830nam0 2200253 450 | |
| 001 | 0120151546953 | |
| 005 | 20170327104749.15 | |
| 010 | @a978-7-04-042229-0@dCNY29.50 | |
| 100 | @a20150511d2015 em y0chiy50 ea | |
| 101 | 0 | @achi |
| 102 | @aCN@b110000 | |
| 105 | @aa z 000yy | |
| 106 | @ar | |
| 200 | 1 | @a体操@9ti cao@f张涵劲主编 |
| 205 | @a3版 | |
| 210 | @a北京@c高等教育出版社@d2015.03 | |
| 215 | @a300页@c图@d23cm | |
| 330 | @a本书共分10章,主要包括体操概述、体操术语、 基础类体操、徒手体操和轻器械体操的创编、体操的保护与帮助、体操技术动作教学、技术类体操项目、实用类体操、体操身体素质训练、体操比赛的组织与欣赏等。 | |
| 333 | @a高校体育教育专业师生 | |
| 606 | 0 | @a体操@j教材 |
| 690 | @aG83@v5 | |
| 701 | 0 | @a张涵劲@9zhang han jin@4主编 |
| 801 | 0 | @aCN@b人天书店@c20150511 |
| 905 | @b983436-39@dG83@e123=3@f4 | |
| 体操/张涵劲主编.-3版.-北京:高等教育出版社,2015.03 |
| 300页:图;23cm |
| 使用对象:高校体育教育专业师生 |
| ISBN 978-7-04-042229-0:CNY29.50 |
| 本书共分10章,主要包括体操概述、体操术语、 基础类体操、徒手体操和轻器械体操的创编、体操的保护与帮助、体操技术动作教学、技术类体操项目、实用类体操、体操身体素质训练、体操比赛的组织与欣赏等。 |
| ● |
| 相关链接 |
|
|
|
|
正题名:体操
索取号:G83/123=3
 
预约/预借
| 序号 | 登录号 | 条形码 | 馆藏地/架位号 | 状态 | 备注 |
| 1 | 983436 | 209834367 | 第一样本阅览室/ [索取号:G83/123=3] | 在馆 | |
| 2 | 983437 | 209834376 | 密集书库-体育系/ [索取号:G83/123=3] | 在馆 | |
| 3 | 983438 | 209834385 | 第四借阅区/ [索取号:G83/123=3] | 在馆 | |
| 4 | 983439 | 209834394 | 第四借阅区/ [索取号:G83/123=3] | 在馆 |